Statistics for US Landmarks Multiple Choice

Click here to take the quiz!

General Stats

  • This quiz has been taken 27 times
    (20 since last reset)
  • The average score is 12 of 20

Answer Stats

QuestionAnswer% Correct
What country gave the USA the Statue Of Liberty?France
88%
Which one of these presidents is not on Mount Rushmore?Kennedy
88%
Which of these is not a kingdom in Disney World?Mickey Kingdom
88%
What city is the Space Needle in?Seattle
88%
What body of water does the Golden Gate Bridge cross?San Francisco Bay
81%
What is the Washington Monument?An Obelisk
75%
What was known as the bloodiest battle in the civil war?Gettysburg
75%
Where is the Empire State Building located in New York City?Midtown
69%
What is the famous pier in Chicago called?Navy Pier
69%
What National Park Site is the Liberty Bell part of?Independence
63%
What city is the Hoover Dam closest to?Las Vegas
63%
What river does the Gateway Arch overlook?Mississippi
63%
What is the name of Thomas Jefferson's home?Monticello
63%
What barrier islands is the Wright Brothers Memorial on?Outer Banks
56%
What city is The Alamo in?San Antonio
56%
When did construction begin on the Lincoln Memorial?Lincoln's Birthday
44%
What Hawaiian island is the USS Arizona Memorial on?Oahu
44%
How deep is the Grand Canyon?6,001 ft.
25%
Which of these is not a memorial to 9/11 at Ground Zero?9/11 Workers Memorial
19%
What is the largest geyser in Yellowstone National Park?Steamboat Geyser
13%

Score Distribution

Percentile by Number Answered

Percent of People with Each Score

Your Score History

You have not taken this quiz since the last reset